logo

Bir Sreshtho Munshi Abdur Rouf Library
Jhenaidah Cadet College

Wild About History / (Record no. 13476)

MARC details
000 -LEADER
fixed length control field 00668nam a2200253 a 4500
001 - CONTROL NUMBER
JCCL Control Number 13476
003 - CONTROL NUMBER IDENTIFIER
JCCL marc code BD-JhCC
005 - DATE AND TIME OF LATEST TRANSACTION
control field 20231009114814.0
008 - FIXED-LENGTH DATA ELEMENTS--GENERAL INFORMATION
fixed length control field 231009b2018 cc a|||| ||a| 000 0 eng d
020 ## - INTERNATIONAL STANDARD BOOK NUMBER
International Standard Book Number 9781786175205
035 ## - SYSTEM CONTROL NUMBER
system control number (BD-JhCC)13476
040 ## - CATALOGING SOURCE
Original cataloging agency BD-JhCC
Modifying agency BD-JhCC
041 ## - LANGUAGE CODE
Language code of Book English
082 ## - DEWEY DECIMAL CLASSIFICATION NUMBER
Classification number 909
Author mark and Year FIO 2018
100 ## - MAIN ENTRY--PERSONAL NAME
Personal name Macdonald, Fiona
245 ## - TITLE STATEMENT
Title Wild About History /
Statement of responsibility, etc Fiona Macdonald, John Malam, Jone Walker.
260 ## - PUBLICATION, DISTRIBUTION, ETC. (IMPRINT)
Place of publication, distribution, etc China:
Name of publisher, distributor, etc Miles Kelly;
Date of publication, distribution, etc 2018.
300 ## - PHYSICAL DESCRIPTION
Pagination 160 p. :
Other physical details ill;
Dimensions 26 cm.
650 ## - SUBJECT ADDED ENTRY--TOPICAL TERM
Topical term or geographic name as entry element History, Ancient
Geographic subdivision World history
700 ## - ADDED ENTRY--PERSONAL NAME
Personal name Malam, John
700 ## - ADDED ENTRY--PERSONAL NAME
Personal name Walker,Jone
942 ## - ADDED ENTRY ELEMENTS (KOHA)
Source of classification or shelving scheme Dewey Decimal Classification
Koha item type Books
Holdings
Source of classification or shelving scheme Damaged status Not for loan Home library Current library Shelving location Date of accession Total Checkouts Full call number Barcode Date last seen Copy number Method of acquisition Koha item type Currency
Dewey Decimal Classification     JCC Rouf Library JCC Rouf Library General Stacks 10/09/2023   909 FIO 2018 18222 10/09/2023 C-1 Purchase Books BDT

JCC Library | Contacts | JCC Home

Last Update on 23 September 2017
Copyright @ 2017-2020 JCC Rouf Library
Rouf Library, Jhenidah Cadet College (JCC), Bangladesh